000 01068nam a2200289 a 4500
001 000045344
003 DO-SdBNP
005 20260202091752.0
007 ta
008 110505s2015 dr a 000 0 spa d
020 _z9789945081343
040 _aDO-SdBNP
_bspa
_cBNPHU
_erda
082 _a158.1
_bS715t, 2015
100 1 _aSosa Sosa, Diego A.,
_d1966-
_93236
245 1 0 _aTú eres la estrella II :
_bfortalece tus 5 puntas /
_cDiego A. Sosa Sosa.
260 _aSanto Domingo :
_bBúho,
_c2015.
300 _a199 p. ;
_c23 cm.
500 _aIncluye datos biografícos del autor en la solapa
590 _aInventariado, 2018/MFF
650 7 _aAutorrealización (Psicología)
_9211
_vEnsayos, conferencias, etc.
_2LIBRUNAM
650 7 _aRelaciones humanas
_vEnsayos, conferencias, etc.
_9606
_2LIBRUNAM
650 7 _aPsicología aplicada
_91579
_vEnsayos, conferencias, etc.
_2LIBRUNAM
650 7 _aÉxito
_9394
_vEnsayos, conferencias, etc.
_2LIBRUNAM
650 7 _aPersonalidad
_2LIBRUNAM
_988940
910 _aValidado. Control de calidad MFF
942 _2ddc
_cLBS1
999 _c44833
_d44833